| 000 | 00503cam a2200181ua 4500 | ||
|---|---|---|---|
| 001 | 6759 | ||
| 008 | 140212n ii |||gr||||Z||||||eng | ||
| 040 | _cMAIN | ||
| 082 | _a657.45 | ||
| 245 | 1 | 1 |
_aPrinciples and practice of auditing _cBy J.R. Batliboi |
| 250 | _a16th ed. | ||
| 260 |
_aBombay: _bStandard accountancy publications private ltd., _c1999. |
||
| 300 | _aviii,635p. | ||
| 653 | _aCommerce | ||
| 653 | _aPrinciples and practice of auditing | ||
| 700 | 1 |
_aBatliboi,J.R., _eAuthor. |
|
| 942 | _cBK | ||
| 999 |
_c5907 _d5907 |
||